Financial services (Record no. 1546)

MARC details
000 -LEADER
fixed length control field 00784 a2200217 4500
010 ## - LIBRARY OF CONGRESS CONTROL NUMBER
LC control number ENG-85175
020 ## - INTERNATIONAL STANDARD BOOK NUMBER
Terms of availability 125.00
035 ## - SYSTEM CONTROL NUMBER
System control number EN-68708
037 ## - SOURCE OF ACQUISITION
Source of stock number/acquisition D.B.Act / Pub
082 14 - DEWEY DECIMAL CLASSIFICATION NUMBER
Classification number 332
090 ## - LOCALLY ASSIGNED LC-TYPE CALL NUMBER (OCLC); LOCAL CALL NUMBER (OCLC)
-- 1572
-- 1572
100 1# - MAIN ENTRY--PERSONAL NAME
Personal name Appannaiah, H. R.
245 1# - TITLE STATEMENT
Title Financial services
Statement of responsibility, etc by H. R. Appannaiah, P. N. Reddy and N. Mukund Sharma
260 ## - PUBLICATION, DISTRIBUTION, ETC. (IMPRINT)
Place of publication, distribution, etc Delhi
Name of publisher, distributor, etc Himalaya Publishing House
Date of publication, distribution, etc 2007
270 ## - ADDRESS
Address Pooja Apartment, 4-B, Murari Lal Street, Ansari Road, Darya Ganj
City New Delhi
Postal code 110 002
Telephone number 011-23270392,
Fax number 011-23243030, 011-23256286
Electronic mail address himpub@vsnl.net.in
300 ## - PHYSICAL DESCRIPTION
Extent 189p.
Other physical details 24 cm (Pbk.)
700 ## - ADDED ENTRY--PERSONAL NAME
Personal name Reddy, P. N.
700 ## - ADDED ENTRY--PERSONAL NAME
Personal name Sharma, N. Mukund
942 ## - ADDED ENTRY ELEMENTS (KOHA)
Institution code [OBSOLETE] dpl
Koha item type English Books
Call number prefix 332 / APP
Holdings
Withdrawn status Lost status Source of classification or shelving scheme Damaged status Not for loan Collection code Home library Current library Source of acquisition Cost, normal purchase price Total Checkouts Full call number Barcode Date last seen Copy number Uniform Resource Identifier Cost, replacement price Price effective from Koha item type
    Dewey Decimal Classification   Not For Loan Non-fiction D.B.Act.Division D.B.Act.Division DBAD/PUB 125.00   332 EN-68708 15/09/2008 1 1624 125.00 15/09/2008 English Books

© Delhi Public Library
Hit Counter
free hit counter